00575 2200181 4500001002100000005001700021008004100038035002400079082000800103090001700111100001800128245009400146260006000240300002600300504002900326650002000355990001800375YOGYA-0313000000028420130313144943.0 ind  0010-031300000000284 a371 aSK 371 Wij P aWIJI HIDAYATI aPendidikan anak-anak kaum Dhuafa di Lembah Gajah Wong Yogyakartacpeneliti Wiji Hidayati. bYogyakarta: Pusat Penelitian IAIN Sunan Kalijagac1998. aVI, 66 lbr. ;c29 cm. aBibliografi: lbr. 65-66. aPendidikan anak a44660-PD/A.12